00756nam a2200265Ia 4500003000900000008004100009040001300050040001300063041000800076100002300084100001000107245003100117250002200148260002100170260000900191300001100200300000900211300001000220490002800230490000600258700002100264942000700285999001700292952018100309IT-RoPAU120407s9999 xx 000 0 und d aIT-RoPAU cIT-RoPAU aita aAnna Rita Spinelli ccoll. aL’immagine e i materiali aCinisello Balsamo aEdizioni Paoline c1988 a281 p. bill. c26 cm aScuola: testi e sussidi v2 aGiuseppe Tesorio cBK c31332d31332 00102ddc406375_12000000000000071aPAULUSbPAULUSd2012-04-11l0o375.12r2012-04-11 00:00:00w2012-04-11yBKzInserito da: In data: n.d. fondo: Via A.Severo 56 Progr:17497